000 00899nam a2200277 i 4500
003 EG-GICUC
005 20260411210352.0
008 260411s1952 fr |||fr|||| 00| 0 fre d
040 _aEG-GiCUC
_bfre
_cEG-GiCUC
_dEG-GiCUC
_eRda
082 0 4 _221
_a343.36
_bME . G
092 0 4 _221
099 _aLaw1 10343.36 ME . G 1952
100 1 _aMellor, Alec
_eAuteur
245 1 4 _aLes Grands Problèmes Contemporains De L'instruction Criminelle /
_cAlec Mellor.
264 1 _aParis :
_bÉditions Domat Montchrestien
_c1952.
300 _a310 page ;
_c 24 cm.
336 _2rda contenu
_a texte
337 _2rda medias
_aOrdinateur
338 _2 transporteur rda
_a Ressource en ligne
650 1 _aEnquête Préliminaire
_2qrmak
650 1 _aDroit De Pénal
_2qrmak
651 1 _2qrmak
856 4 0 _uhttps://fll.law.cu.edu.eg/fulltext/bks/B10-09043.pdf
905 _a54
942 _2ddc
_cBK
_e21
_n0
999 _c70132
_d70132